000 00959nam0a22002531 4500
001 rc\4204783
005 20260406123220.0
021 _aRU
_b[49-5146]
035 _a(NLR Aleph) 008205138
090 _a8061163
_c8061163
100 _a20130415d1948 |||y0rusy50 ca
101 0 _arus
102 _aRU
105 _aa z |||||
200 1 _aИнструкция по установлению непотопляемости морских судов
_e[Утв. 17/IV 1948 г.]
_fМор. регистр СССР
210 _aЛенинград
_aМосква
_cИзд-во и 7-я тип. изд-ва "Мор. транспорт" в Л.
_d1948
215 _a39 с.
_cчерт.
_d21
606 _aСуда морские
_xНепотопляемость
_2psbo
710 0 1 _aСССР
_bМорской регистр
_9305029
_3RU\NLR\AUTH\8815949
801 0 _aRU
_bNLR
_gpsbo
801 1 _aRU
_bELAR
_2rusmarc
852 _aNLR
_jТ90 Г-4/246
942 _cBOOK
980 _aNB